00913nam a2200181 a 4500090002100000041000800021110001800029245013400047260005300181300001100234520025300245650002500498650002600523650003200549662002300581773011200604999001500716 aIAVHb00765 CD-1 aspa bFONADE966112 aDiseño e implementación del Sistema de Indicadores de Seguimiento de la Política de Biodiversidad en la Amazonia colombiana aBogotábInstituto Alexander von Humboldtc2002 a569 p. aSe evalúan el cumplimiento de los criterios de simplicidad, validez, disponibilidad, replicabilidad y comparabilidad; y la calidad y de los métodos de obtención de la información. Se formulan algunas recomendaciones de política ambiental. aBiodiversidad992204 aConservación992401 aPolítica ambiental992286 aColombiacAmazonia0 0598699704abdBogotá Informatica documental 2007o024802tInformes de investigaciones IAVH en PDFwxz c6046d6046